000 00597nam a2200241Ia 4500
005 20250425162625.0
008 250425s9999 xx 000 0 und d
020 _a9978923063
041 _aspa
043 _aec
082 _a860.9866
100 _aCORNEJO, JUSTINO
245 0 _aLOS QUE TENEMOS DE MANDINGA (PROHIBIDO PARA NEGROS, ZAMBOS, MULATOS Y OTROS DE IGUAL RALEA)
250 _a1A ED.
260 _aEcuador
_bGREGORIO
_c2004
260 _aPORTOVIEJO
300 _a167
650 _aECUADOR
650 _aENSAYOS
650 _aLITERATURA
942 _c01
010 _a90768
999 _c233061
_d233061